<?xml version="1.0" encoding="UTF-8"?>
<record
    xmlns:xsi="http://www.w3.org/2001/XMLSchema-instance"
    xsi:schemaLocation="http://www.loc.gov/MARC21/slim http://www.loc.gov/standards/marcxml/schema/MARC21slim.xsd"
    xmlns="http://www.loc.gov/MARC21/slim">

  <leader>00898cam a2200229 i 4500</leader>
  <controlfield tag="001">bg</controlfield>
  <controlfield tag="003">KOSZ 005</controlfield>
  <controlfield tag="005">20191008114848.0</controlfield>
  <controlfield tag="008">950710s1978    pl a   f     |000 0 pol d</controlfield>
  <datafield tag="040" ind1=" " ind2=" ">
    <subfield code="c">KOSZ 005/HR</subfield>
    <subfield code="a">KOSZ 005/HR</subfield>
    <subfield code="d">KOSZ 005/HR</subfield>
  </datafield>
  <datafield tag="080" ind1=" " ind2=" ">
    <subfield code="a">669.1</subfield>
  </datafield>
  <datafield tag="245" ind1=" " ind2="0">
    <subfield code="a">Charakterystyki stali.</subfield>
    <subfield code="n">T. 1, Cz. 1,</subfield>
    <subfield code="p">Stale dla energetyki /</subfield>
    <subfield code="c">Alfons Woc&#x142;awski [et al.]</subfield>
  </datafield>
  <datafield tag="260" ind1=" " ind2=" ">
    <subfield code="a">Katowice :</subfield>
    <subfield code="b">Wydawnictwo "&#x15A;l&#x105;sk",</subfield>
    <subfield code="c">1978.</subfield>
  </datafield>
  <datafield tag="300" ind1=" " ind2=" ">
    <subfield code="a">545, [3] s. :</subfield>
    <subfield code="b">il. ;</subfield>
    <subfield code="c">25 cm.</subfield>
  </datafield>
  <datafield tag="490" ind1="1" ind2=" ">
    <subfield code="a">Stale do pracy w temperaturach podwy&#x17C;szonych i obni&#x17C;onych. </subfield>
    <subfield code="v">Seria D</subfield>
  </datafield>
  <datafield tag="650" ind1=" " ind2="4">
    <subfield code="a">Stal</subfield>
  </datafield>
  <datafield tag="700" ind1="1" ind2=" ">
    <subfield code="a">Woc&#x142;awski, Alfons.</subfield>
  </datafield>
  <datafield tag="710" ind1="2" ind2=" ">
    <subfield code="a">Wydawnictwo "&#x15A;l&#x105;sk"</subfield>
    <subfield code="4">pbl.</subfield>
  </datafield>
  <datafield tag="830" ind1=" " ind2="0">
    <subfield code="a">Stale do pracy w temperaturach podwy&#x17C;szonych i obni&#x17C;onych.</subfield>
    <subfield code="p">Seria D</subfield>
  </datafield>
  <datafield tag="856" ind1=" " ind2=" ">
    <subfield code="u">http://koha.tu.koszalin.pl/cgi-bin/koha/opac-detail.pl?biblionumber=1681</subfield>
    <subfield code="y">Katalog online BPK</subfield>
  </datafield>
  <datafield tag="942" ind1=" " ind2=" ">
    <subfield code="c">KS</subfield>
    <subfield code="2">UKD</subfield>
  </datafield>
  <datafield tag="999" ind1=" " ind2=" ">
    <subfield code="c">1681</subfield>
    <subfield code="d">1681</subfield>
  </datafield>
  <datafield tag="952" ind1=" " ind2=" ">
    <subfield code="0">0</subfield>
    <subfield code="1">0</subfield>
    <subfield code="4">0</subfield>
    <subfield code="7">0</subfield>
    <subfield code="a">BPK</subfield>
    <subfield code="b">BPK</subfield>
    <subfield code="c">w</subfield>
    <subfield code="o">P 30030</subfield>
    <subfield code="p">01968743</subfield>
    <subfield code="y">KS</subfield>
  </datafield>
  <datafield tag="952" ind1=" " ind2=" ">
    <subfield code="0">0</subfield>
    <subfield code="1">0</subfield>
    <subfield code="4">0</subfield>
    <subfield code="7">0</subfield>
    <subfield code="a">BPK</subfield>
    <subfield code="b">BPK</subfield>
    <subfield code="c">w</subfield>
    <subfield code="o">P 45649</subfield>
    <subfield code="p">01154221</subfield>
    <subfield code="y">KS</subfield>
  </datafield>
</record>
